<The> foundations of modern macroeconomics
Salvato in:
| Autore principale: | |
|---|---|
| Altri autori: | |
| Natura: | Libro |
| Lingua: | inglese |
| Pubblicazione: |
New York
Oxford University Press
2002
|
| Soggetti: | |
| Tags: |
Nessun Tag, puoi essere il primo ad aggiungerne!!
|
MARC
| LEADER | 00000nam$a2200000$$$4500 | ||
|---|---|---|---|
| 001 | 0054158 | ||
| 005 | 20221129100935.8 | ||
| 020 | |a 978-0-19-877617-8 | ||
| 041 | 0 | |a eng | |
| 044 | |a US | ||
| 245 | 1 | 0 | |a <The> foundations of modern macroeconomics |c Ben J. Heijdra, Frederick van der Ploeg |
| 264 | 1 | |a New York |b Oxford University Press |c 2002 | |
| 300 | |a 751 s. | ||
| 610 | 2 | 0 | |a makroekonomika |
| 610 | 2 | 0 | |a ponuka |
| 610 | 2 | 0 | |a dopyt |
| 610 | 2 | 0 | |a politika hospodárska |
| 610 | 2 | 0 | |a deficit rozpočtový |
| 610 | 2 | 0 | |a trh práce |
| 610 | 2 | 0 | |a hospodárstvo otvorené |
| 610 | 2 | 0 | |a peniaze |
| 610 | 2 | 0 | |a keynesizmus |
| 610 | 2 | 0 | |a rast hospodársky |
| 610 | 2 | 0 | |a teórie rastu hospodárskeho |
| 610 | 2 | 0 | |a cykly obchodné |
| 100 | 1 | |a Heijdra, Ben J. | |
| 700 | 1 | |a Ploeg, Frederick van der | |